LEADER 01092nam a2200229 i 4500 001 000000031210 003 CaOOAMICUS 005 20250128090441.0 008 180830s17741780it u000 u ita u 040 $aSeMil$bita 100 1 $aFrisi, Antonio Francesco.$0(OLS)http://semarc/name/12426 245 10$aMemorie della chiesa monzese raccolte e con varie dissertazioni illustrate da Antonio Francesco Frisi ... Dissertazione 1. [-4.]. 260 $aIn Milano :$bAppresso Giuseppe Galeazzi r. stampatore,$c1774-1780. 300 $a4 v. ;$c4°. 500 $aFregi calcogr. sui front. 500 $aCors. ; rom. 650 4$aMonza - Storia religiosa.$0(OLS)http://semarc/subject/4994 700 1 $aGaleazzi, Giuseppe,$c.$0(OLS)http://semarc/name/2995 774 0 $t2.$g2$w()237512 996 $6245$aMemorie della chiesa monzese raccolte e con varie dissertazioni illustrate da Antonio Francesco Frisi ... Dissertazione 1. [-4.]$9(OLS)http://semarc/title/42467 996 $6260$aIn Milano :$bAppresso Giuseppe Galeazzi r. stampatore$9(OLS)http://semarc/publisher/31443 LEADER 01133nam a2200277 i 4500 001 000000188401 003 CaOOAMICUS 005 20151118000000.0 008 151118s2003 it u000 u ita u 013 $a166584 020 $a88-88828-10-9 040 $aSeMil$bita 100 1 $aPaglia, Vincenzo,$c.$0(OLS)http://semarc/name/90485 245 10$aUmbria terra di pace /$cdi Vincenzo Paglia. 260 $aMilano :$bLeonardo International,$ccopyr. 2003. 300 $a123 p. ;$c17 cm. 490 0 $aSpiritualitą e politica 650 4$aUmbria.$0(OLS)http://semarc/subject/9692 650 4$aPace - Concezione cristiana.$0(OLS)http://semarc/subject/1623 830 0$aSpiritualitą e politica.$0(OLS)http://semarc/title/12843 850 $aSeMil 852 $aSeMil$W1$xVenegono$y1$m3F I 402$j139056$B139056$CSeMilBibl$Z2$F150637 $81 961 $aOmaggio: Martinelli don Romano 996 $6020$a88-88828-10-9$9(OLS)http://semarc/number/178978 996 $6245$aUmbria terra di pace$9(OLS)http://semarc/title/271145 996 $6260$aMilano :$bLeonardo International$9(OLS)http://semarc/publisher/33827